| 000 | 01222nam a2200337 i 4500 | ||
|---|---|---|---|
| 001 | 53850 | ||
| 003 | ES-MaACL | ||
| 005 | 20250728062602.0 | ||
| 007 | t| | ||
| 008 | 031114s2002 sp ||||0| spa d | ||
| 020 | _a84-7476-333-9 | ||
| 024 | 8 | _aNIPO 004-02-008-2 | |
| 040 |
_aM-BN _bspa _cM-BN |
||
| 080 | _a001.891:351.854(460) | ||
| 080 | _a5/6:331.36(460) | ||
| 100 | 1 |
_aFernández Esquinas, Manuel. _949766 |
|
| 245 | 1 | 3 |
_aLa formación de investigadores científicos en España / _cManuel Fernández Esquinas. |
| 250 | _a1ª ed. | ||
| 260 |
_aMadrid : _bCentro de Investigaciones Sociológicas : _bSiglo XXI de España, _c2002. |
||
| 300 |
_aXXXIV, 372 p : _bgráf ; _c21 cm. |
||
| 490 | 1 |
_aMonografías ; _v189 |
|
| 490 | 1 |
_aColección Monografías ; _vn. 189 |
|
| 500 | _aBasado en la tesis del autor. | ||
| 504 | _aBibliografía: p. [329]-345. | ||
| 650 | 1 | 4 |
_aCientíficos- _xFormación profesional- _zEspaña. _911006 |
| 651 | 4 |
_aEspaña- _xPolítica científica. _98397 |
|
| 830 | 0 | 0 |
_aMonografías (Centro de Estudios Benaventanos "Ledo del Pozo") _v189 _9177262 |
| 830 | 0 |
_aColección Monografías ; _vn. 189 _9183203 |
|
| 852 |
_aES-MaACL _jL-26643 _bR.132017 |
||
| 999 |
_c53850 _d53850 |
||